000 00718nam a2200253Ia 4500
003 OSt
005 20220925204227.0
006 a|||||r|||| 00| 0
007 ta
008 220923b |||||||| |||| 00| 0 eng d
037 _cGeneral Book
040 _aRTL
_cRTL
_beng
041 _2eng
_aeng
082 _aX:8, M1
100 _aDe Nitish
_9267949
245 0 _aManaging and dveloping new forms of work organisat
250 _a2ed
260 _aGeneva
_bInternational labour Organisation Publication
_c1981
300 _aviii,206p.
_ccm.
490 _a(Management development series.6)
650 _aManagement
_930681
942 _hX:8, M1
_cGB
_2CC
999 _c548884
_d548884